<?xml version="1.0" encoding="UTF-8"?><?xml-stylesheet type="text/xsl" href="static/style.xsl"?><OAI-PMH xmlns="http://www.openarchives.org/OAI/2.0/" xmlns:xsi="http://www.w3.org/2001/XMLSchema-instance" xsi:schemaLocation="http://www.openarchives.org/OAI/2.0/ http://www.openarchives.org/OAI/2.0/OAI-PMH.xsd"><responseDate>2026-04-28T19:00:27Z</responseDate><request verb="GetRecord" identifier="oai:uvadoc.uva.es:10324/65355" metadataPrefix="marc">https://uvadoc.uva.es/oai/request</request><GetRecord><record><header><identifier>oai:uvadoc.uva.es:10324/65355</identifier><datestamp>2025-09-17T11:28:02Z</datestamp><setSpec>com_10324_1163</setSpec><setSpec>com_10324_931</setSpec><setSpec>com_10324_894</setSpec><setSpec>col_10324_1327</setSpec></header><metadata><record xmlns="http://www.loc.gov/MARC21/slim" xmlns:doc="http://www.lyncode.com/xoai" xmlns:xsi="http://www.w3.org/2001/XMLSchema-instance" xmlns:dcterms="http://purl.org/dc/terms/" xsi:schemaLocation="http://www.loc.gov/MARC21/slim http://www.loc.gov/standards/marcxml/schema/MARC21slim.xsd">
<leader>00925njm 22002777a 4500</leader>
<datafield tag="042" ind1=" " ind2=" ">
<subfield code="a">dc</subfield>
</datafield>
<datafield tag="720" ind1=" " ind2=" ">
<subfield code="a">Escalera Fernández, Isabel</subfield>
<subfield code="e">author</subfield>
</datafield>
<datafield tag="720" ind1=" " ind2=" ">
<subfield code="a">Alonso, Jaime</subfield>
<subfield code="e">author</subfield>
</datafield>
<datafield tag="720" ind1=" " ind2=" ">
<subfield code="a">Hernández Castello, María Cristina</subfield>
<subfield code="e">author</subfield>
</datafield>
<datafield tag="260" ind1=" " ind2=" ">
<subfield code="c">2023</subfield>
</datafield>
<datafield tag="520" ind1=" " ind2=" ">
<subfield code="a">Este texto muestra, a través de dos propuestas innovadoras, lo necesario que es visibilizar y promover el trabajo de los historiadores del arte. Con este objetivo en mente, la intención es dar a conocer en qué consiste su labor y qué líneas de investigación están persiguiendo actualmente. Para ello, se desarrollaron dos ediciones de "Ar(té) por partes" con el propósito de llevar a cabo entrevistas con historiadores del arte. Tras analizar el trabajo, verificamos el uso de esta propuesta como un recurso para que el público en general comprenda la labor realizada en esta disciplina.</subfield>
</datafield>
<datafield tag="024" ind2=" " ind1="8">
<subfield code="a">Hernández Castelló, María Cristina, Isabel Escalera Fernández, y Jaime Alonso Lorenzo. "Una propuesta de innovación docente aplicada a la historia del arte: 'Ar(té) por partes'". En Historia del Arte e innovación educativa. Nuevas estrategias metodológicas y docentes, editado por Noelia García Pérez, Laura Martínez Cayado, Alicia Sempere Marín, Alicia Cartagena García-Alcaraz, 68-78. 2023.</subfield>
</datafield>
<datafield tag="024" ind2=" " ind1="8">
<subfield code="a">978-84-09-47503-2</subfield>
</datafield>
<datafield tag="024" ind2=" " ind1="8">
<subfield code="a">https://uvadoc.uva.es/handle/10324/65355</subfield>
</datafield>
<datafield tag="024" ind2=" " ind1="8">
<subfield code="a">68</subfield>
</datafield>
<datafield tag="024" ind2=" " ind1="8">
<subfield code="a">78</subfield>
</datafield>
<datafield tag="024" ind2=" " ind1="8">
<subfield code="a">Historia del Arte e innovación educativa. Nuevas estrategias metodológicas y docentes</subfield>
</datafield>
<datafield tag="245" ind1="0" ind2="0">
<subfield code="a">Una propuesta de innovación docente aplicada a la historia del arte: "Ar(té) por partes"</subfield>
</datafield>
</record></metadata></record></GetRecord></OAI-PMH>